Aenima : (Registro nro. 31017)

Detalles MARC
000 -CABECERA
campo de control de longitud fija 00631nam a22001817a 4500
008 - CÓDIGOS DE INFORMACIÓN DE LONGITUD FIJA
fixed length control field 250620b |||||||| |||| 00| 0 spa d
020 ## - NÚMERO INTERNACIONAL NORMALIZADO PARA LIBROS
ISBN 9786280135830
040 ## - Fuente de catalogación
Agencia original de catalogación CO-JMCR
Lenguaje de catalogación spa
Agencia de transcripción CO-JMCR
Agencia de modificación CO-JMCR
Convenciones de descripción rda
041 0# - CÓDIGO DE LENGUA
Código idioma spa
082 04 - NÚMERO DE LA CLASIFICACIÓN DECIMAL DEWEY
Número de clasificación Decimal A-P
Número de documento (Cutter) SALa
100 1# - PUNTO DE ACCESO PRINCIPAL-NOMBRE DE PERSONA
Nombre personal Salas Arias, Rubén David,
Término de función/relación autor
9 (RLIN) 44184
Fechas asociadas al nombre 1997-
245 10 - TÍTULO PROPIAMENTE DICHO
Título Aenima :
Parte restante del título Selección de versos y poemas /
Mención de responsabilidad, etc. Rubén David Salas Arias; edición de Édver Augusto Delgado Verano.
250 ## - DECLARACIÓN DE EDICIÓN
Declaración de edición 1a. edición
264 ## - PRODUCCION, PUBLICACION, DISTRIBUCION, COPYRIGHT
Lugar de producción, publicación, distribución, etc Medellín, Antioquia :
Nombre del editor, productor, distribuidor, etc Editorial Libros para Pensar s.a.s.,
Fecha de producción, publicación, distribución, copyright 2024.
300 ## - DESCRIPCIÓN FÍSICA
Extensión 112 páginas :
Dimensiones 21 cm.
Existencias
Withdrawn status Lost status Source of classification or shelving scheme Damaged status Not for loan Collection code Home library Current library Shelving location Date acquired Source of acquisition Total Checkouts Total Renewals Full call number Barcode Date last seen Date last checked out Copy number Price effective from Koha item type
    Dewey Decimal Classification     Fiction Biblioteca Pública José María del Castillo y Rada Biblioteca Pública José María del Castillo y Rada Book Cart 06/20/2025 Donación 1 2 A-P SALa 201812694 11/27/2025 10/23/2025 Ej.1 06/20/2025 Books